<?xml version="1.0" encoding="UTF-8"?>
<record
    xmlns:xsi="http://www.w3.org/2001/XMLSchema-instance"
    xsi:schemaLocation="http://www.loc.gov/MARC21/slim http://www.loc.gov/standards/marcxml/schema/MARC21slim.xsd"
    xmlns="http://www.loc.gov/MARC21/slim">

  <leader>00683nam a22002177a 4500</leader>
  <controlfield tag="005">20231020114419.0</controlfield>
  <controlfield tag="008">231020b        sa ||||| |||| 00| 0 eng d</controlfield>
  <datafield tag="020" ind1=" " ind2=" ">
    <subfield code="a">9781485139959</subfield>
    <subfield code="q">pbk</subfield>
  </datafield>
  <datafield tag="040" ind1=" " ind2=" ">
    <subfield code="a">rda--</subfield>
    <subfield code="c">3228</subfield>
  </datafield>
  <datafield tag="041" ind1=" " ind2=" ">
    <subfield code="2">E</subfield>
  </datafield>
  <datafield tag="082" ind1=" " ind2=" ">
    <subfield code="a">344.6801 LABO</subfield>
  </datafield>
  <datafield tag="245" ind1=" " ind2=" ">
    <subfield code="a">Labour relations act  66 of 1995 &amp; CCMA related material</subfield>
    <subfield code="c">Edited by Juta's Statutes Editors</subfield>
  </datafield>
  <datafield tag="250" ind1=" " ind2=" ">
    <subfield code="a">Thirty sixx edition</subfield>
  </datafield>
  <datafield tag="260" ind1=" " ind2=" ">
    <subfield code="a">Cape Town</subfield>
    <subfield code="b">Juta</subfield>
    <subfield code="c">2022</subfield>
  </datafield>
  <datafield tag="300" ind1=" " ind2=" ">
    <subfield code="a">823 pages ;</subfield>
    <subfield code="c">14 cm</subfield>
  </datafield>
  <datafield tag="500" ind1=" " ind2=" ">
    <subfield code="a">Reflecting the law as at 5 April 2022</subfield>
  </datafield>
  <datafield tag="500" ind1=" " ind2=" ">
    <subfield code="a">[updated April 2022]</subfield>
  </datafield>
  <datafield tag="700" ind1=" " ind2=" ">
    <subfield code="a">Juta's Statutes Editors</subfield>
  </datafield>
  <datafield tag="942" ind1=" " ind2=" ">
    <subfield code="w">156</subfield>
    <subfield code="x">Lettie Matukane</subfield>
    <subfield code="y">156</subfield>
    <subfield code="z">Lettie Matukane</subfield>
  </datafield>
  <datafield tag="942" ind1=" " ind2=" ">
    <subfield code="2">ddc</subfield>
    <subfield code="c">BOOK</subfield>
  </datafield>
  <datafield tag="999" ind1=" " ind2=" ">
    <subfield code="c">759031</subfield>
    <subfield code="d">759030</subfield>
  </datafield>
  <datafield tag="952" ind1=" " ind2=" ">
    <subfield code="0">0</subfield>
    <subfield code="1">0</subfield>
    <subfield code="2">ddc</subfield>
    <subfield code="4">0</subfield>
    <subfield code="7">0</subfield>
    <subfield code="a">RIVEL</subfield>
    <subfield code="b">RIVEL</subfield>
    <subfield code="c">GEN</subfield>
    <subfield code="d">2023-10-20</subfield>
    <subfield code="l">0</subfield>
    <subfield code="o">344.6801 LABO</subfield>
    <subfield code="p">33228031011614</subfield>
    <subfield code="r">2023-10-20</subfield>
    <subfield code="w">2023-10-20</subfield>
    <subfield code="y">BOOK</subfield>
  </datafield>
  <datafield tag="952" ind1=" " ind2=" ">
    <subfield code="0">0</subfield>
    <subfield code="1">0</subfield>
    <subfield code="2">ddc</subfield>
    <subfield code="4">0</subfield>
    <subfield code="7">0</subfield>
    <subfield code="8">300</subfield>
    <subfield code="a">RIVEL</subfield>
    <subfield code="b">RIVEL</subfield>
    <subfield code="c">GEN</subfield>
    <subfield code="d">2023-10-20</subfield>
    <subfield code="l">0</subfield>
    <subfield code="o">344.6801 LABO</subfield>
    <subfield code="p">33228031011596</subfield>
    <subfield code="r">2023-10-20</subfield>
    <subfield code="w">2023-10-20</subfield>
    <subfield code="y">BOOK</subfield>
  </datafield>
  <datafield tag="952" ind1=" " ind2=" ">
    <subfield code="0">0</subfield>
    <subfield code="1">0</subfield>
    <subfield code="2">ddc</subfield>
    <subfield code="4">0</subfield>
    <subfield code="7">0</subfield>
    <subfield code="a">LYDEL</subfield>
    <subfield code="b">LEROL</subfield>
    <subfield code="d">2025-03-20</subfield>
    <subfield code="g">179.95</subfield>
    <subfield code="l">0</subfield>
    <subfield code="o">344.6801 LABO</subfield>
    <subfield code="p">3322803185247</subfield>
    <subfield code="r">2025-03-20</subfield>
    <subfield code="w">2025-03-20</subfield>
    <subfield code="y">BOOK</subfield>
  </datafield>
  <datafield tag="952" ind1=" " ind2=" ">
    <subfield code="0">0</subfield>
    <subfield code="1">0</subfield>
    <subfield code="2">ddc</subfield>
    <subfield code="4">0</subfield>
    <subfield code="7">0</subfield>
    <subfield code="8">300</subfield>
    <subfield code="a">KWAML</subfield>
    <subfield code="b">DELML</subfield>
    <subfield code="c">GEN</subfield>
    <subfield code="d">2025-09-30</subfield>
    <subfield code="l">0</subfield>
    <subfield code="o">344.6801 LABO</subfield>
    <subfield code="p">33228031084368</subfield>
    <subfield code="r">2025-09-30</subfield>
    <subfield code="w">2025-09-30</subfield>
    <subfield code="y">BOOK</subfield>
  </datafield>
</record>
